Aký typ ľudí oslovíte on-line reklamou a ktorí ľudia ju ignorujú?
Nákupné správanie obyvateľov Slovenska – charakteristiky, ktoré najlepšie vystihujú hlavnú podstatu segmentov podľa vzťahu k cenám, značkám, akciám a nákupom na internete.
Salvato in:
| Autore principale: | |
|---|---|
| Natura: | Capitolo di libro |
| Lingua: | slovacco |
| Soggetti: | |
| Tags: |
Nessun Tag, puoi essere il primo ad aggiungerne!!
|
MARC
| LEADER | 00000naa a2200000 4500 | ||
|---|---|---|---|
| 001 | 0224330 | ||
| 005 | 20230912114843.6 | ||
| 041 | 0 | |a slo | |
| 044 | |a SK | ||
| 245 | 1 | 0 | |a Aký typ ľudí oslovíte on-line reklamou a ktorí ľudia ju ignorujú? |c Mária Boťanská |
| 520 | |a Nákupné správanie obyvateľov Slovenska – charakteristiky, ktoré najlepšie vystihujú hlavnú podstatu segmentov podľa vzťahu k cenám, značkám, akciám a nákupom na internete. | ||
| 610 | 2 | 0 | |a reklama |
| 610 | 2 | 0 | |a objekty reklamy |
| 610 | 2 | 0 | |a metódy propagačné |
| 610 | 2 | 0 | |a umiestňovanie produktov |
| 610 | 2 | 0 | |a segmentácia |
| 610 | 2 | 0 | |a skupiny cieľové |
| 610 | 2 | 0 | |a správanie spotrebiteľa |
| 100 | 1 | |a Boťanská, Mária | |